000
00322pab a2200133 454500
008
180718b xxu||||| |||| 00| 0 eng d
100
_a
Ghosh Biswanath
245
_a
The challenge of unemployment
362
_a
37(17), 30 Sep 93, p.13-14
650
_a
Labour
650
_a
Unemployment
773
_a
Yojana
909
_a
25410
999
_c
25410
_d
25410